| 000 | 00997cam a22001694a 4500 | ||
|---|---|---|---|
| 005 | 20250605163654.0 | ||
| 008 | 250528s ||||||||||||||||||||||||d | ||
| 035 | _a24002 | ||
| 040 |
_aGR-AtMCL _bgre _dGR-AtMCL _eAACR2 |
||
| 245 | 1 | _aSupply Chain and Logistics / Το Περιοδικό για την Εφοδιαστική Αλυσίδα | |
| 260 |
_bParametros Group _bScl Magazine, _c2018 |
||
| 300 | _a104 | ||
| 520 | _aΣτα 'Χέρια' της 'όρδευς Βεινόγλου': Οι Θησαυροί της Πολιτιστικής μας Κληρονομιάς, NO2W_City Logistics με Υπηρεσίες Ψύξης και Ηλεκτρικά Οχήματα, Στόχος μας να Καταστήσουμε τη Β. Ελλάδα ως Πύλη Εισόδου Εμπορευμάτων Ροών, Supply Chains Turn to Digitalization: Τι Σημαίνει για την Ελληνική Αγορά το Logistics 4.0. | ||
| 942 | _cCR | ||
| 999 |
_c8905 _d8905 |
||